| 000 | 00571nam a22001937a 4500 | ||
|---|---|---|---|
| 005 | 20251108170134.0 | ||
| 008 | 250721s1998 xx 000 0 ara d | ||
| 082 | 1 | 4 | _a748.885/عبد |
| 100 | 1 | _aعبد القادر، سامي | |
| 245 | 1 | 0 | _aالتجهيزات في صناعة الفنادق / |
| 264 | 1 |
_aالقاهرة : _bمكتبة مدبولي، _c1998. |
|
| 300 | _a184ص | ||
| 650 | 1 | 7 | _aالفنادق |
| 650 | 1 | 7 | _aالديكور |
| 650 | 1 | 7 | _aالهندسة المعمارية |
| 700 | 1 | _aالبدري، طارق | |
| 942 |
_2ddc _cBK |
||
| 999 |
_c40660 _d40660 |
||